000 02702cam a22004694i 4500
003 PE-LiUPU
005 20250731173337.0
008 150706s2006 xxu rb 000 0 eng d
020 _a9780830828395
035 _a(Sirsi) i9780830828395
040 _aPE-LiUPU
_bspa
_cPE-LiUPU
_erda
049 _aPRUA
082 0 4 _a220.601
_bG66
_221
100 1 _aGoldsworthy, Graeme,
_eautor.
245 1 0 _aGospel-centered hermeneutics :
_bfundations and principles of evagelical biblical interpretation /
_cGraeme Goldsworthy.
264 1 _aDowners Grove, Illinois :
_bIVP Academic,
_c2006.
300 _a341 páginas ;
_c24 centímetros
336 _atext
_2rdacontent
337 _aunmediated
_2rdamedia
338 _avolume
_2rdacarrier
504 _aIncluye bibliografía.
505 0 _aEvangelical prolegomena to hermeneutics -- The necessity for hermeneutics -- Presuppositions in reading and understanding -- Gospel-centered hermeneutics -- Towards a biblical theology of interpretation -- Challenges to evangelical hermeneutics -- The eclipse of the gospel in the early church -- The eclipse of the gospel in the medieval church -- The eclipse of the gospel in Roman Catholicism -- The eclipse of the gospel in liberalism -- The eclipse of the gospel in philosophical hermeneutics -- The eclipse of the gospel in historical criticism -- The eclipse of the gospel in literary criticism -- The eclipse of the gospel in evangelicalism -- Reconstructing evangelical hermeneutics -- Pre- and post-enlightenment evangelical interpretation -- The gospel and the literary dimension -- The gospel and the historical dimension -- The gospel and the theological dimension (I): The two Testaments and typology -- The gospel and the theological dimension (II) : biblical and systematic theology -- The gospel and contextualization -- The hermeneutics of Christ.
526 _aSEG42
526 _aSEG41
526 _aSEG40
526 _aSEG39
526 _aP94
526 _aP87
526 _aP86
526 _aP85
526 _aP77
526 _aP76
526 _aP35
541 _g104-3776787-4588217;
630 _aBiblia
_xHermenéutica.
910 _agl
_bjv
_clch
_d20090811
942 _2ddc
_cBOOK
949 _a220.601 G66
_wDEWEY
_c1
_i59801
_d2016-12-9
_e2016-11-30
_lCCODEBUL1
_mBUL
_n9
_p20.00
_r0
_sY
_tBOOK
_u2015-7-6
_xTEOLOGIA
_PP85
_0COMPRA
_o.STAFF. Colección General
994 _aC0
_bPEPRU
596 _a1
999 _a220.601 G66
_wDEWEY
_c49334
_i59801
_d49334
_e2016-11-30
_f2021-11-9
_g5
_lCCODEBUL1
_mBUL
_n9
_p20.00
_r0
_sY
_tBOOK
_u2015-7-6
_xTEOLOGIA
_PP85
_0COMPRA
_o.STAFF. Colección Teología
980 _81
_gALBERTO SANCHEZ Responsable de Automatización